00546 a2200169 4500010001400000020002600014035001300040037001500053082001600068100002000084245009000104260004400194270005800238300004000296500001900336700002100355 aENG-86235 a9788120331891c350.00 aEN-69768 bDBAD / PUB14a658.4040285 aChatfield, Carl1 aMicrosoft office project 2007 step-by-step /cby Carl Chatfield [and] Timothy Johnson aNew DelhibPrentice-Hall of Indiac2007 aM-97, Connaught CircusbNew DelhicNew Delhie110 001 axlviii, 507p.c23cm. (Pbk)eCD-ROM aIncludes index aJohnson, Timothy